Movies Quiz

Random Movies or Actor Quiz

Brandon Lee Movies Quiz Stats

 Plays Quiz not verified by Sporcle

Support Sporcle.
Go Orange.
Score 0/5 Timer 04:00
0 Plays Today
Year Movie % Correct
1994The Crow
98.4%
1992Rapid Fire
86.2%
1991Showdown in Little Tokyo
74.8%
1989Laser Mission
67.5%
1986Legacy of Rage
59.3%

You're not logged in!

Compare scores with friends on all Sporcle quizzes.
OR
Log In
Forgot?

From the Vault

Celebrities with Jay Leno

by Hejman

This Leno guy sure had a lot of people come by his desk at work!
Remove Ads.
Support Sporcle.
Get the best of Sporcle when you Go Orange. This ad-free experience offers more features, more stats, and more fun while also helping to support Sporcle. Thank you for becoming a member.

Show Comments

Extras

Top Quizzes Today


Score Distribution

Your Account Isn't Verified!

In order to create a playlist on Sporcle, you need to verify the email address you used during registration. Go to your Sporcle Settings to finish the process.

Report this User

Report this user for behavior that violates our Community Guidelines.

Details: